00388naa a2200133 a 450000100080000000500110000800800410001910000180006024500690007826000090014770000190015670000170017577300620019218259162010-01-10 1971 bl --- 0-- u #d1 aKAPLAN, J. C. aEnzymatic repair of DNA. III. Properties of the UV-endonuclease. c19711 aKUSHNER, S. R.1 aGROSSHAN, L. tBiochemistry, New Yorkgv. 10, n. 18, p. 3315-3324, 1971.